Score 0/20 Timer 10:00
4 Plays Today
% Correct
Scrubs
92.4%
Futurama
90.9%
That '70s Show
85.3%
Breaking Bad
82.6%
24
78.6%
Prison Break
73.3%
3rd Rock from the Sun
71.2%
Boy Meets World
68%
Terminator: The Sarah Connor Chronicles
66.7%
The Office (U.S.)
66.4%
% Correct
The Walking Dead
66%
It's Always Sunny in Philadelphia
62.8%
Arrested Development
62.3%
Community
60.2%
Louie
58.1%
Boardwalk Empire
56.1%
Homeland
47.5%
Dexter
44.3%
Burn Notice
41.5%
Justified
36.3%
Remove Ads.
Support Sporcle.
Get the best of Sporcle when you Go Orange. This ad-free experience offers more features, more stats, and more fun while also helping to support Sporcle. Thank you for becoming a member.

You're not logged in!

Compare scores with friends on all Sporcle quizzes.
OR
Log In

Show Comments

Extras

Top Quizzes Today


Score Distribution

Your Account Isn't Verified!

In order to create a playlist on Sporcle, you need to verify the email address you used during registration. Go to your Sporcle Settings to finish the process.

Report this User

Report this user for behavior that violates our Community Guidelines.

Details: